| 000 | 00576nmm a2200193Ia 4500 | ||
|---|---|---|---|
| 008 | 251105s9999||||xx |||||||||||||||||und|| | ||
| 020 | _a9788425223907 | ||
| 041 | _aspa | ||
| 100 | _aHolden, Robert | ||
| 245 | 0 | _aLa construcción en el proyecto del paisaje | |
| 264 |
_a[Madrid, España] : _bEditorial Gustavo Gili, _c2011 |
||
| 300 | _a241 páginas | ||
| 650 | _aArchitecture & Sculpture | ||
| 700 | _aHolden, Robert | ||
| 700 | 1 | _a Liversedge, Jamie | |
| 700 | 1 | _a Jiménez Romera, Carlos | |
| 856 | _uhttps://public.digitaliapublishing.com/a/41346 | ||
| 942 | _cCF | ||
| 999 |
_c66943 _d66943 |
||